000 02085nam a22004094i 4500
999 _c64438
_d64438
001 8947326
003 OCoLC
005 20180825105023.0
008 821111s1982 txu b 000 0 eng d
020 _a0849901650
020 _a9780849901652
040 _aSTU
_beng
_dOCL
_dOCLCQ
_dHNW
_dOCLCF
_dCFT
_dOCLCA
_dMXL
_cCO-MdFUSB
_erda
041 _aeng
082 _223
_a227.9407
_bP173
100 1 _aPalmer, Earl F.
_eautor
245 1 4 _aThe communicator's commentary
_p: 1, 2, 3 John, Revelation
_c/ Earl F. Palmer.
264 _aWaco, Texas Usa :
_bWord Books,
_c℗[1982]
264 _c©1982
300 _a259 páginas ;
_c24 cm.
336 _btxt
_2rdacontent.
_atexto
337 _bn
_2rdamedia.
_asin mediación
338 _bnc
_2rdacarrier.
_avolumen
490 1 _aThe communicator's commentary series
505 0 _gI.
_tIntroducción a 1, 2, 3 Juan:
_aUn bosquejo de 1, 2, 3 Juan -- La forma de vida (1 Juan 1: 1-10) -- La nueva relación (1 Juan 2: 1-29) -- Verdad y amor (1 Juan 3: 1-4: 21) -- Discipulado (1 Juan 5: 1-21) -- Cristianos en el mundo (2 Juan 1-13) -- La familia de Dios (3 Juan 1-14)
505 0 _gII.
_tIntroducción a la Revelación:
_aEl Libro de Apocalipsis: Una visión general -- Un bosquejo de Apocalipsis -- La visión (1: 1-20) -- Siete cartas a siete iglesias (2: 1-3: 22) -- La primera coral (4: 1-11) -- La segunda coraza (5: 1-14) -- La gran sinfonía -- Movimiento I: La gran frontera -- Los cuatro caballos del peligro y el Sábado de Dios (6: 1-11) : 19) - Movimiento II: La batalla cósmica (12: 1-16: 21) -- Movimiento III: El triunfo de Dios (17: 1-20: 15) -- Movimiento IV: Un cielo nuevo y una Tierra nueva (21: 1-22: 5) -- Epílogo (22: 6-21).
563 _aTapa rústica
630 0 7 _aBiblia.
_vJuan
630 0 7 _aBiblia.
_pJuan, 1ª
630 0 7 _aBiblia.
_pJuan, 2ª
630 0 7 _aBiblia.
_pJuan, 3ª
630 0 7 _aBiblia.
_pApocalipsis
700 _aOgilivie, Lloyd J.
_eeditor general
830 _aThe communicator's commentary series
_vNo.12
942 _cBK